000 00840nam a2200265Ia 4500
003 OSt
005 20220930064611.0
006 a|||||r|||| 00| 0
007 ta
008 220926b |||||||| |||| 00| 0 eng d
024 _a4462
037 _cTheses
040 _aCRL
_cCRL
_beng
041 _2eng
_aeng
100 _aKrishnamurthy J
110 _aUniversity of Delhi. Faculty of Mathematical Sciences. Department of Mathematics
245 0 _aSome contributions to error locating/correcting linear codes
260 _c1986
650 _aMATHEMATICS
700 _a Dr. S K Dass Gu.
_9524711
700 _a Prof R N Kaul Gu.
700 _aUniversity of Delhi. Faculty of Mathematical Sciences. Department of Mathematics
942 _cDIS
_2CC
999 _c858428
_d858428